Catálogo
 En Linea

Andrés Vesalio : (Registro nro. 5356)

Detalles MARC
000 -CABECERA
campo de control de longitud fija 00576nam a2200181 a 4500
001 - NÚMERO DE CONTROL
campo de control 000005557
005 - FECHA Y HORA DE LA ÚLTIMA TRANSACCIÓN
campo de control 20200929151719.0
008 - DATOS DE LONGITUD FIJA--INFORMACIÓN GENERAL
campo de control de longitud fija 090820s1970 sp a 001 0 spa d
040 ## - FUENTE DE LA CATALOGACIÓN
Centro catalogador/agencia de origen DO-SdBNP
082 ## - NÚMERO DE LA CLASIFICACIÓN DECIMAL DEWEY
Número de clasificación xxx
Número de documento/Ítem B265a
049 ## - FONDOS LOCALES (OCLC)
Fondos de biblioteca BNPD
100 1# - ENTRADA PRINCIPAL--NOMBRE DE PERSONA
Nombre de persona Barón Fernández, José
9 (RLIN) 15699
245 10 - MENCIÓN DE TÍTULO
Título Andrés Vesalio :
Resto del título Su vida y su obra /
Mención de responsabilidad, etc. José Barón Fernández.
260 ## - PUBLICACIÓN, DISTRIBUCIÓN, ETC.
Lugar de publicación, distribución, etc. Madrid :
Nombre del editor, distribuidor, etc. Consejo Superior de Investigaciones Científicas,
Fecha de publicación, distribución, etc. 1970.
300 ## - DESCRIPCIÓN FÍSICA
Extensión 312 p. :
Otras características físicas il ;
Dimensiones 24 cm.
500 ## - NOTA GENERAL
Nota general Incluye datos biográficos
500 ## - NOTA GENERAL
Nota general Incluye referencias bibliográficas
Existencias
Estado de retiro Estado de pérdida Restricciones de uso No para préstamo Código de colección Localización permanente Ubicación/localización actual Ubicación en estantería Fecha de adquisición Número de inventario Total de préstamos Signatura topográfica completa Código de barras Fecha visto por última vez Precio válido a partir de Tipo de ítem Koha Número de copia
      Excluido de préstamo Monografías: Libros y Folletos General General Depósito 20.08.2009 LF1   xxx B265a 5557-10 25.06.2020 25.06.2020 No se presta  
      Excluido de préstamo Monografías: Libros y Folletos General General Depósito 03.10.2013 LF1   xxx B265a 5557-20 25.06.2020 25.06.2020 No se presta e. 2

Con tecnología Koha